000 00453cam a2200145 4500500
005 20260322001406.0
041 _afre
042 _adc
100 1 0 _aJeancourt-Galignani, Oriane
_eauthor
245 0 0 _aLu dans la presse
260 _c2007.
500 _a6
786 0 _nPhilosophie magazine | 12 | 9 | 2007-09-01 | p. 1-1 | 1951-1787
856 4 1 _uhttps://shs.cairn.info/magazine-philosophie-magazine-2007-9-page-1?lang=fr&redirect-ssocas=7080
999 _c1714381
_d1714381